000
00321nam a2200109Ia 4500
008
200302s9999 xx 000 0 und d
100
_a
Christian Schittich ed.
245
_a
In Detail Small structures compact dwellings tmporary structures room modules
260
_b
Birkhauser Verlag Gmbh
260
_c
2010
300
_a
176
999
_c
6561
_d
6561